01313nam a2200229 a 4500001001000000003000900010005001700019008004100036040002500077082001500102100004400117245021100161260004800372300002000420942001400440952012700454952012700581952012700708952011300835952011800948999001701066000013412DO-SdBNP20240927073747.0091124s1971 dr r 000 0 spa d aDO-SdBNPbspacBNPHU axxxxbxxxx1 a Balaguer, Joaquín,d1906-200297655610aCon Dios, con la patria, y con la libertad :bdiscurso pronunciado por el presidente de la República Dominicana, Dr. Joaquín Balaguer, desde su despacho del Palacio Nacional, el 24 de febrero de 1971 /. aSanto Domingo :bEditora del Caribe,c1971. a18 p. ;c23 cm. 2ddccLBS1 001054708DSaGRbGRcHDd2010-04-20iLF1l0oxxxx xxxxp13412-30r2020-06-25te.3w2020-06-25yLFDSZPréstamo en sala 001054708DSaGRbGRcHDd2010-07-15iLF1l0oxxxx xxxxp13412-60r2020-06-25te.4w2020-06-25yLFDSZPréstamo en sala 001054708DSaGRbGRcHDd2010-07-15iLF1l0oxxxx xxxxp13412-70r2020-06-25te.5w2020-06-25yLFDSZPréstamo en sala 0010718PDaPDbPDcHDd2009-11-24iLF1l0oxxxx xxxxp13412-10r2020-06-25w2020-06-25yLFPDZNo se presta 0010718PDaPDbPDcHDd2009-11-24iLF1l0oxxxx xxxxp13412-20r2020-06-25te.2w2020-06-25yLFPDZNo se presta c13038d13038